Construction Bulletin (Record no. 118850)

MARC details
000 -LEADER
fixed length control field 00658cas a22002175a 4500
001 - CONTROL NUMBER
control field ##L131926
008 - FIXED-LENGTH DATA ELEMENTS--GENERAL INFORMATION
fixed length control field 051216c2003 xxkqr p a eng u
022 1# - INTERNATIONAL STANDARD SERIAL NUMBER
International Standard Serial Number 1750-1024
035 ## - SYSTEM CONTROL NUMBER
System control number (Sirsi) u131926
041 0# - LANGUAGE CODE
Language code of text/sound track or separate title eng
110 2# - MAIN ENTRY--CORPORATE NAME
Corporate name or jurisdiction name as entry element Royal Institution of Chartered Surveyors
Subordinate unit Construction Faculty
9 (RLIN) 4214
240 00 - UNIFORM TITLE
Uniform title RICS Construction Bulletin
245 00 - TITLE STATEMENT
Title Construction Bulletin
260 3# - PUBLICATION, DISTRIBUTION, ETC.
Place of publication, distribution, etc. London
Name of publisher, distributor, etc. RICS
Date of publication, distribution, etc. 2003-
362 0# - DATES OF PUBLICATION AND/OR SEQUENTIAL DESIGNATION
Dates of publication and/or sequential designation London: September 2003-June 2005
362 0# - DATES OF PUBLICATION AND/OR SEQUENTIAL DESIGNATION
Dates of publication and/or sequential designation Edinburgh: October 2005-February 2006
651 #4 - SUBJECT ADDED ENTRY--GEOGRAPHIC NAME
Geographic name United Kingdom
690 ## - LOCAL SUBJECT ADDED ENTRY--TOPICAL TERM (OCLC, RLIN)
Topical term or geographic name as entry element BUILT ENVIRONMENT
785 00 - SUCCEEDING ENTRY
Title The Journal
Edition RICS Construction Journal
942 ## - ADDED ENTRY ELEMENTS (KOHA)
Suppress in OPAC 0
Source of classification or shelving scheme Dewey Decimal Classification
Holdings
Withdrawn status Lost status Source of classification or shelving scheme Damaged status Not for loan Home library Current library Shelving location Date acquired Total Checkouts Full call number Barcode Date last seen Copy number Price effective from Koha item type
    Dewey Decimal Classification     London London Gallery 16/12/2005   RICS CONSTRUCTION JOURNAL 131926-1001 06/08/2019 1 06/08/2019 Reference material